00464nam a2200085Ia 4500008004100000245002900041300021900070650002800289856006100317170517s9999 xx 000 0 und d aHow We Made Our Millions aIs the question that everyone wants an answer to. What is the secret to extraordinary success? Is it grit, is it determination, luck, or is it who you actually know? Peter Jones has been in business now for some... xBusiness and Economics. uhttp://topdocumentaryfilms.com/how-we-made-our-millions/